| 000 | 00387nam a2200145 i 4500 | ||
|---|---|---|---|
| 001 | 41263 | ||
| 003 | ES-MaACL | ||
| 005 | 20230906160413.0 | ||
| 007 | t| | ||
| 008 | 030310s1912 bl ||||1| por d | ||
| 100 | 1 |
_aCarvalho, Elysio de. _935958 |
|
| 245 | 1 | 0 |
_aGiria dos gatunos cariocas / _cElysio de Carvalho. |
| 260 |
_aRio de Janeiro : _b[s.n., _c1912] |
||
| 852 |
_aES-MaACL _j1593-F-9 |
||
| 999 |
_c41263 _d41263 |
||